| 000 | 00820nam a22002177a 4500 | ||
|---|---|---|---|
| 999 |
_c1399 _d1399 |
||
| 003 | AR-CdUCM | ||
| 008 | 190226b ||||| |||| 00| 0 spa d | ||
| 040 |
_aMUNICIPALIDAD PROVINCIAL DEL CUSCO _cBIBLIOTECA MUNICIPAL DEL CUSCO |
||
| 082 |
_a792.8 / _bSA161 |
||
| 100 |
_aSalazar, Adolfo _95320 |
||
| 245 |
_aLa Danza y el Ballet : _bIntroducción al Conocimiento de la danza de arte y del ballet / |
||
| 260 |
_aMéxico : _bFondo de Cultura Económica, _c1955. |
||
| 300 |
_a263 paginas ; _b50 imagenes. _c17 cm. |
||
| 505 | _aLa danza -- La danza primitiva -- El oriente anterior -- Egipto -- Grecia -- El renacimiento... | ||
| 650 |
_aTeatros _95321 |
||
| 650 |
_aDanza y artes _95322 |
||
| 650 |
_aesculturales cuerpos _95323 |
||
| 650 |
_aGimnasia ritmica _95324 |
||
| 942 |
_2ddc _cLIBROS |
||
| 945 |
_awnts _d2019-02-26 |
||